| 000 | 00539nam a2200181Ia 4500 | ||
|---|---|---|---|
| 999 |
_c14206 _d14206 |
||
| 003 | OSt | ||
| 005 | 20201027101805.0 | ||
| 008 | 190216s9999||||xx |||||||||||||| ||und|| | ||
| 022 | _a8171560695 | ||
| 040 | _coclc | ||
| 082 |
_a823.09 _bCRO/D |
||
| 100 |
_aCross, Wilbur L _95406 |
||
| 245 | 4 |
_aThe Development Of The English Novel / _cWilbur L Cross |
|
| 260 |
_bAtlantic Publications & Distributors, _c2001. _aNew delhi: |
||
| 300 | _a329p | ||
| 650 | _aEnglish | ||
| 942 |
_cBK _2ddc _h823.09 _iCRO/D _k823.09 _mCRO/D |
||